[Event "AUTO-OPEN-3714"]
[Site "http://www.queenalice.com/game.php?id=1445123"]
[Date "2016.10.10"]
[Round "1"]
[White "pot_of_greed"]
[Black "Lopesq"]
[Result "1-0"]
[WhiteElo "1989"]
[BlackElo "1807"]

1. e4 d5 2. e5 Bf5 3. d4 e6 4. Nf3 Be7 5. Nc3 c6 6. Bf4 h6 7. Bd3 Qb6 8. b3 Bb4
9. Qd2 Bxc3 10. Qxc3 Bxd3 11. Qxd3 Qb4+ 12. Bd2 Qe7 13. O-O Nd7 14. c4 dxc4 15.
Qxc4 Nb6 16. Qc2 Qd8 17. Ba5 Ne7 18. Rfd1 Ned5 19. Qc5 Qe7 20. Qd6 Rd8 21. Qxe7+
Kxe7 22. Bxb6 Nxb6 23. Rac1 Nd5 24. Rd3 Nb4 25. Rd2 Kd7 26. a3 Nd5 27. Rdc2 Rc8
28. g3 Kc7 29. b4 a6 30. Nd2 Kb8 31. Nc4 Rcd8 32. Nd6 Rhf8 33. Rb1 g5 34. a4 f5
35. b5 axb5 36. axb5 cxb5 37. Rxb5 b6 38. Rc6 f4 39. Nc4 fxg3 40. hxg3 Rd7 41.
Rxe6 h5 42. Nxb6 Nxb6 43. Rexb6+ Kc8 44. Rb8+ Kc7 45. Rxf8 h4 46. gxh4 gxh4 47.
d5 Rg7+ 48. Kh2 Rh7 49. e6 Kd6 50. Rf7 Rh8 51. Rd7+ 1-0

[Event "AUTO-OPEN-3714"]
[Site "http://www.queenalice.com/game.php?id=1445124"]
[Date "2016.10.10"]
[Round "1"]
[White "Lopesq"]
[Black "pot_of_greed"]
[Result "0-1"]
[WhiteElo "1816"]
[BlackElo "1980"]

1. d4 d5 2. c3 Nc6 3. e3 a6 4. Be2 Nf6 5. Nd2 Bf5 6. h3 e6 7. Ngf3 Bd6 8. Qb3 b6
9. Qa4 b5 10. Bxb5 axb5 11. Qxb5 O-O 12. Qxc6 Qd7 13. Qxd7 Nxd7 14. O-O h6 15.
Re1 c5 16. e4 Bg6 17. e5 Bc7 18. Nb3 c4 19. Nc5 Nb6 20. Bd2 Na4 21. Nxa4 Rxa4
22. b3 Ra7 23. b4 f6 24. Be3 Be4 25. Nd2 Ra3 26. Nf1 Rxc3 27. Rec1 Rxc1 28. Bxc1
fxe5 29. Be3 Rb8 30. a3 c3 31. Ng3 Bb6 32. dxe5 Bxe3 33. fxe3 Ra8 34. Nxe4 dxe4
35. b5 Kf8 36. a4 Ke7 37. b6 Kd7 38. a5 Kc6 39. Kf2 c2 40. Ke2 Kb5 41. b7 Rb8
42. a6 c1=Q 43. Rxc1 Kxa6 44. Rb1 Rxb7 45. Rxb7 Kxb7 46. Kd2 Kc6 47. Kc3 Kd5 48.
g3 Kxe5 49. Kc4 h5 50. h4 Kf5 51. Kd4 g6 52. Kc3 Kg4 53. Kd4 Kf3 54. Ke5 Kxg3
55. Kxe4 Kxh4 56. Ke5 g5 57. Kxe6 g4 0-1

[Event "AUTO-OPEN-3714"]
[Site "http://www.queenalice.com/game.php?id=1445126"]
[Date "2016.10.10"]
[Round "1"]
[White "Prosperidade"]
[Black "pot_of_greed"]
[Result "1-0"]
[WhiteElo "1959"]
[BlackElo "1975"]

1. d4 d5 2. c4 e6 3. cxd5 exd5 4. Nc3 Bb4 5. a3 Bxc3+ 6. bxc3 Nf6 7. h3 Nc6 8.
Nf3 h6 9. e3 a6 10. c4 Bf5 11. cxd5 Qxd5 12. Be2 O-O 13. O-O Ne4 14. Bb2 g5 15.
Rc1 g4 16. hxg4 Bxg4 17. Nh2 Bxe2 18. Qxe2 Kh7 19. Ng4 Rg8 20. f3 Ng3 21. Qc2+
Kg7 22. e4 Qd6 23. d5+ Kh7 24. Nf6+ Kg7 25. Ne8+ 1-0

[Event "Edson_Vieira"]
[Site "http://www.queenalice.com/game.php?id=1454097"]
[Date "2016.12.9"]
[Round "1"]
[White "pot_of_greed"]
[Black "Scharlatan"]
[Result "1-0"]
[WhiteElo "1998"]
[BlackElo "1973"]

1. e4 c5 2. Nf3 d6 3. h3 g6 4. Nc3 Bg7 5. Bc4 Be6 6. Bxe6 fxe6 7. d3 Nf6 8. Bg5
O-O 9. Qd2 Nc6 10. a3 Nd4 11. O-O-O a6 12. Nxd4 cxd4 13. Ne2 Qb6 14. f4 h6 15.
Bh4 e5 16. fxe5 dxe5 17. Rhf1 Qd6 18. g4 b5 19. g5 hxg5 20. Bxg5 Rfb8 21. Bh6 b4
22. a4 b3 23. c3 dxc3 24. Nxc3 Rc8 25. Bxg7 Kxg7 26. Kb1 Rd8 27. Rf3 Qd4 28. Qg5
Rh8 29. Rg1 Rh6 30. Rfg3 Kh7 31. Nd5 Nxd5 32. exd5 Re8 33. Rf1 Qxd5 34. Rgf3 Kg7
35. Rf7+ Qxf7 36. Rxf7+ Kxf7 37. Qxh6 Rd8 38. Qh7+ Kf6 39. Qh4+ Kf7 40. Qc4+ Kf6
41. Qxa6+ Rd6 42. Qxd6+ exd6 43. a5 1-0

[Event "AUTO-ADV-3753"]
[Site "http://www.queenalice.com/game.php?id=1456437"]
[Date "2016.12.25"]
[Round "1"]
[White "Kkaio77"]
[Black "pot_of_greed"]
[Result "1/2-1/2"]
[WhiteElo "2018"]
[BlackElo "2003"]

1. d4 d5 2. c4 e6 3. cxd5 exd5 4. Nc3 Bb4 5. e3 Nf6 6. Bd3 O-O 7. Nf3 Bg4 8. O-O
c6 9. h3 Bh5 10. a3 Bxc3 11. bxc3 Qd6 12. a4 Re8 13. Be2 Ne4 14. Qb3 b6 15. Ba3
Qf6 16. c4 dxc4 17. Qxc4 Bxf3 18. Bxf3 Nd2 19. Qe2 Nxf1 20. Qxf1 Nd7 21. Qc1
Rac8 22. Bg4 Rc7 23. Bb2 Qg6 24. d5 c5 25. a5 b5 26. a6 c4 27. Qc3 Ne5 28. Bd1
Nd3 29. Bc2 b4 30. Qd4 Re4 31. Bxd3 cxd3 32. Qxd3 Rh4 33. Qxg6 hxg6 34. Be5 Rd7
35. d6 b3 36. Rb1 Rb4 37. g4 Rb6 38. Bd4 Rxa6 39. Rxb3 Rdxd6 40. Rb8+ Kh7 41.
Rb7 f6 42. Bxa7 Ra2 43. Bd4 g5 44. Kg2 Kg6 45. Kg3 Re6 46. Kg2 Rc6 47. Rb2 Rxb2
48. Bxb2 Rc7 49. Bd4 f5 50. Be5 Re7 51. Bg3 fxg4 52. hxg4 Re4 53. Kf3 Ra4 54.
Be5 Kf7 55. Bd4 g6 56. Kg3 Ke6 57. Kf3 Kd5 58. Bf6 Ke6 59. Bxg5 Ra5 60. Bf4 g5
61. Bc7 Ra8 62. Kg3 Rf8 63. f3 Kd7 64. Bb6 Ke6 65. f4 gxf4+ 66. exf4 Kf6 67. f5
Rg8 68. Kf4 Kf7 69. g5 Rg7 70. g6+ Rxg6 71. fxg6+ Kxg6 72. Bd4 1/2-1/2

[Event "AUTO-ADV-3753"]
[Site "http://www.queenalice.com/game.php?id=1456438"]
[Date "2016.12.25"]
[Round "1"]
[White "pot_of_greed"]
[Black "Kkaio77"]
[Result "0-1"]
[WhiteElo "1995"]
[BlackElo "1945"]

1. e4 e5 2. Nf3 Nc6 3. Bb5 a6 4. Ba4 b5 5. Bb3 Nf6 6. d3 Na5 7. Bg5 Nxb3 8. cxb3
Be7 9. Nc3 O-O 10. Nxe5 Bb7 11. Qf3 d6 12. Bxf6 Bxf6 13. Ng4 Bd4 14. O-O b4 15.
Na4 f5 16. Nh6+ gxh6 17. Qh5 Qg5 18. Qxg5+ hxg5 19. exf5 Rxf5 20. Rac1 c5 21.
Rc2 a5 22. Nb6 Raf8 23. Re2 Ba6 24. Nc4 d5 25. Nd6 R5f6 26. Ne8 Rf5 27. Nc7 Bxd3
28. Ne6 Bxe2 29. Nxf8 Bxf1 30. Kxf1 Rxf2+ 31. Ke1 Kxf8 0-1

[Event "AUTO-ADV-3753"]
[Site "http://www.queenalice.com/game.php?id=1456451"]
[Date "2016.12.25"]
[Round "1"]
[White "ismaelfln"]
[Black "pot_of_greed"]
[Result "0-1"]
[WhiteElo "1616"]
[BlackElo "1978"]

1. e4 e5 2. Nf3 Nc6 3. Bb5 Nf6 4. Bxc6 dxc6 5. Nxe5 Bc5 6. d3 h6 7. O-O O-O 8.
c3 Re8 9. Nc4 Be6 10. Ne3 Qe7 11. Nc2 Rad8 12. e5 Ne4 13. dxe4 Rxd1 14. Rxd1 Bg4
15. Re1 Qxe5 16. Be3 Qxe4 17. f3 Qxc2 18. fxg4 Rxe3 19. Na3 Rxe1# 0-1

[Event "AUTO-ADV-3753"]
[Site "http://www.queenalice.com/game.php?id=1456452"]
[Date "2016.12.25"]
[Round "1"]
[White "pot_of_greed"]
[Black "ismaelfln"]
[Result "1-0"]
[WhiteElo "1993"]
[BlackElo "1581"]

1. e4 e5 2. Nf3 Nc6 3. Bb5 Nd4 4. Nxd4 exd4 5. d3 c6 6. Ba4 b5 7. Bb3 Bb4+ 8.
Bd2 Bxd2+ 9. Qxd2 Nh6 10. h3 O-O 11. c3 dxc3 12. Nxc3 Qe8 13. O-O a5 14. Qf4 a4
15. Bc2 Ba6 16. b3 a3 17. Rfe1 b4 18. Na4 Rb8 19. Nc5 Bb7 20. Qd6 f6 21. Nxb7
Rxb7 22. Re3 Qe5 23. Qxe5 fxe5 24. Rd1 Nf7 25. Rf3 d5 26. exd5 cxd5 27. Rg3 Rc7
28. Rd2 d4 29. Re2 h6 30. Rg4 g5 31. Rge4 Kg7 32. g3 Re7 33. f4 gxf4 34. gxf4
Rfe8 35. f5 Kf6 36. Rf2 Nd6 37. Rh4 Rh8 38. Rh5 Nb5 39. Bd1 Nc3 40. Bf3 Rg7+ 41.
Kh2 Rg5 42. Bg4 Rxh5 43. Bxh5 Nd1 44. Bxd1 Rg8 45. Bg4 Rg5 46. Rc2 h5 47. Rc6+
Ke7 48. f6+ Kf7 49. Bf3 h4 50. Bd5+ Kf8 51. Rc8# 1-0

[Event "AUTO-ADV-3753"]
[Site "http://www.queenalice.com/game.php?id=1456459"]
[Date "2016.12.25"]
[Round "1"]
[White "pergaminos"]
[Black "pot_of_greed"]
[Result "0-1"]
[WhiteElo "1719"]
[BlackElo "2004"]

1. d4 d5 2. Nc3 Nf6 3. Bf4 Bf5 4. Nf3 e6 5. e3 Bb4 6. Bd3 Bxc3+ 7. bxc3 Bxd3 8.
Qxd3 Nc6 9. O-O h6 10. h3 O-O 11. Ne5 Nxe5 12. dxe5 Nh5 13. Bg3 Qg5 14. f4 Qxg3
15. Rf3 Qh4 16. Raf1 Ng3 17. Kh2 Nxf1+ 18. Qxf1 f6 19. g3 Qh5 20. g4 Qg6 21.
exf6 Qxf6 22. g5 hxg5 23. Qg2 gxf4 24. exf4 Rf7 25. Qg4 Raf8 26. a4 e5 27. Kg3
exf4+ 28. Kg2 Qf5 29. Qh4 Qxc2+ 30. Rf2 Qxc3 31. Rf3 Qd2+ 32. Rf2 f3+ 33. Kg3
Qf4+ 34. Qxf4 Rxf4 35. h4 d4 36. h5 d3 37. a5 d2 38. Rxd2 f2 39. Rd7 f1=Q 0-1

[Event "AUTO-ADV-3753"]
[Site "http://www.queenalice.com/game.php?id=1456460"]
[Date "2016.12.25"]
[Round "1"]
[White "pot_of_greed"]
[Black "pergaminos"]
[Result "1-0"]
[WhiteElo "1997"]
[BlackElo "1742"]

1. e4 e5 2. Nf3 Nc6 3. Bb5 d6 4. Bxc6+ bxc6 5. Nc3 Bg4 6. d3 Be7 7. h3 Bh5 8. g4
Bg6 9. Be3 Nf6 10. Qd2 h6 11. O-O-O O-O 12. Rhg1 Nh7 13. d4 Qc8 14. dxe5 Rd8 15.
h4 Bxh4 16. Nxh4 Ng5 17. Bxg5 hxg5 18. Nxg6 fxg6 19. Qxg5 Qd7 20. Qxg6 Rab8 21.
e6 Qe7 22. Rh1 Qf6 23. Qxf6 gxf6 24. f4 Kg7 25. f5 a5 26. Rh3 Rh8 27. Rdh1 d5
28. Rxh8 Rxh8 29. Rxh8 Kxh8 30. e7 dxe4 31. e8=Q+ Kg7 32. Nxe4 1-0

[Event "AUTO-ADV-3715"]
[Site "http://www.queenalice.com/game.php?id=1458291"]
[Date "2017.1.6"]
[Round "2"]
[White "Edson_Vieira"]
[Black "pot_of_greed"]
[Result "1-0"]
[WhiteElo "2323"]
[BlackElo "1977"]

1. d4 d5 2. Nf3 Nc6 3. c4 Bg4 4. Nc3 e6 5. Bg5 Be7 6. Bxe7 Ngxe7 7. e3 Qd7 8. h3
Bf5 9. Be2 O-O 10. Nh4 Ng6 11. Nxf5 exf5 12. cxd5 Nce7 13. Qb3 Rab8 14. O-O c6
15. Bc4 b5 16. dxc6 Nxc6 17. Bxb5 a6 18. Bxc6 Qxc6 19. Qa4 Qb6 20. Rab1 Qe6 21.
d5 Qd6 22. Rfd1 Rfd8 23. Qd4 Rb4 24. Qd3 Qf6 25. b3 Qg5 26. f4 Qf6 27. Rbc1 Ne7
28. d6 Nc8 29. d7 Nb6 30. Nd5 Nxd5 31. Qxd5 Qe7 32. Rc8 h6 33. Qa8 Qxe3+ 34. Kh1
1-0

[Event "AUTO-ADV-3715"]
[Site "http://www.queenalice.com/game.php?id=1458292"]
[Date "2017.1.6"]
[Round "2"]
[White "pot_of_greed"]
[Black "Edson_Vieira"]
[Result "0-1"]
[WhiteElo "2013"]
[BlackElo "2303"]

1. e4 Nc6 2. Nf3 e5 3. Nc3 Nf6 4. Bb5 Bb4 5. a3 Bxc3 6. dxc3 Nxe4 7. Bxc6 bxc6
8. O-O O-O 9. Nxe5 Re8 10. Nf3 Nd6 11. Re1 Bb7 12. Bf4 Nf5 13. Ne5 d6 14. Ng4
Rxe1+ 15. Qxe1 c5 16. Qd2 Qd7 17. h3 Qb5 18. b3 Nh4 19. f3 Bxf3 20. g3 Bxg4 21.
hxg4 Nf3+ 0-1

[Event "AUTO-ADV-3715"]
[Site "http://www.queenalice.com/game.php?id=1458293"]
[Date "2017.1.6"]
[Round "2"]
[White "flanny"]
[Black "pot_of_greed"]
[Result "0-1"]
[WhiteElo "1860"]
[BlackElo "1986"]

1. e4 e5 2. Qh5 Qf6 3. d3 Bc5 4. Be3 Bxe3 5. fxe3 Nc6 6. Nc3 d6 7. Nd5 Qd8 8. b4
Nf6 9. Nxf6+ Qxf6 10. Qd1 Qg5 11. Qf3 O-O 12. a3 Bg4 13. Qg3 h6 14. h3 Be6 15.
Ne2 Qxg3+ 16. Nxg3 g6 17. O-O-O f5 18. exf5 Bxf5 19. e4 Be6 20. Ne2 b5 21. g4
Nd4 22. Nxd4 exd4 23. Bg2 Rac8 24. Rde1 c5 25. Rhf1 cxb4 26. axb4 Bb3 27. Rxf8+
Kxf8 28. Rf1+ Kg7 29. Rf2 Be6 30. Kd2 Rf8 31. Re2 Rf4 32. e5 d5 33. c3 g5 34.
Ke1 dxc3 35. Kd1 Rxb4 36. Kc2 Rb2+ 37. Kd1 Rxe2 38. Kxe2 b4 39. Kd1 b3 40. d4 b2
41. Kc2 a5 42. Bf1 a4 43. Kb1 a3 44. Bd3 Bf7 45. e6 Bg6 46. Bf5 Bxf5+ 47. gxf5
Kf6 0-1

[Event "AUTO-ADV-3715"]
[Site "http://www.queenalice.com/game.php?id=1458294"]
[Date "2017.1.6"]
[Round "2"]
[White "pot_of_greed"]
[Black "flanny"]
[Result "1-0"]
[WhiteElo "1975"]
[BlackElo "1856"]

1. e4 e5 2. Nf3 Nc6 3. Bb5 Nd4 4. Nxd4 exd4 5. d3 c6 6. Bc4 b5 7. Bb3 a5 8. Qf3
Qe7 9. a3 a4 10. Ba2 d6 11. c3 dxc3 12. Nxc3 Nf6 13. Bg5 h6 14. Bxf6 gxf6 15.
Rc1 Be6 16. Bxe6 fxe6 17. Qh5+ Kd7 18. O-O Qg7 19. g3 e5 20. f4 exf4 21. Rxf4
Re8 22. Qf5+ Re6 23. d4 Qe7 24. d5 cxd5 25. exd5 Qh7 26. Qxe6+ Kd8 27. Nxb5 Qb7
28. Qxf6+ Qe7 29. Qxh8 Qe3+ 30. Kg2 Qe2+ 31. Kh3 Qh5+ 32. Rh4 Qf5+ 33. Kg2 Qxd5+
34. Kg1 Qxb5 35. Qxf8+ Qe8 36. Rc8+ Kxc8 37. Qxe8+ Kb7 38. Qd7+ Ka6 39. Qc6+ Ka5
40. Rxa4# 1-0

[Event "Edson_Vieira"]
[Site "http://www.queenalice.com/game.php?id=1468458"]
[Date "2017.3.11"]
[Round "2"]
[White "Cautor"]
[Black "pot_of_greed"]
[Result "1-0"]
[WhiteElo "1945"]
[BlackElo "2009"]

1. d4 d5 2. b3 Nc6 3. Bb2 Nf6 4. e3 a6 5. Nd2 Bf5 6. c4 dxc4 7. bxc4 e6 8. Ngf3
Bb4 9. d5 exd5 10. Bxf6 Qxf6 11. cxd5 Bxd2+ 12. Nxd2 Nb4 13. Rc1 Bd3 14. Qa4+ b5
15. Qxb4 Bxf1 16. Nxf1 Qd6 17. Qe4+ Kf8 18. Ng3 g6 19. O-O Re8 20. Qd4 Rg8 21.
Rc6 Qa3 22. Rxc7 Rg7 23. d6 f6 24. Qxf6+ 1-0

[Event "AUTO-ADV-3753"]
[Site "http://www.queenalice.com/game.php?id=1474251"]
[Date "2017.4.19"]
[Round "2"]
[White "Cacmathias"]
[Black "pot_of_greed"]
[Result "1-0"]
[WhiteElo "2323"]
[BlackElo "1988"]

1. c4 e5 2. g3 Nc6 3. Bg2 Bc5 4. Nc3 Nf6 5. e3 d6 6. h3 Bd7 7. Nge2 a6 8. d4
exd4 9. exd4 Bxd4 10. Nxd4 Qe7+ 11. Be3 O-O 12. Nxc6 Bxc6 13. Bxc6 bxc6 14. Qf3
c5 15. O-O-O Rab8 16. Bxc5 Qd7 17. Bd4 Qd8 18. Bxf6 Qxf6 19. Qxf6 gxf6 20. Nd5
Kg7 21. Rd4 1-0

[Event "AUTO-ADV-3753"]
[Site "http://www.queenalice.com/game.php?id=1474252"]
[Date "2017.4.19"]
[Round "2"]
[White "pot_of_greed"]
[Black "Cacmathias"]
[Result "0-1"]
[WhiteElo "1990"]
[BlackElo "2330"]

1. e4 g6 2. d4 Bg7 3. Nf3 c5 4. d5 d6 5. Bb5+ Bd7 6. Bxd7+ Nxd7 7. Nc3 Ngf6 8.
Bg5 O-O 9. Qd2 b5 10. Nxb5 Nxe4 11. Qe3 Qa5+ 12. c3 Nxg5 13. Nxg5 Qxb5 14. O-O-O
Ne5 15. Rhe1 c4 16. f4 Nd3+ 0-1

[Event "AUTO-ADV-3753"]
[Site "http://www.queenalice.com/game.php?id=1474255"]
[Date "2017.4.19"]
[Round "2"]
[White "pot_of_greed"]
[Black "TomasBlack"]
[Result "0-1"]
[WhiteElo "1939"]
[BlackElo "2237"]

1. e4 c5 2. Nf3 e6 3. Nc3 Nc6 4. Bb5 Qc7 5. d3 a6 6. Bxc6 Qxc6 7. O-O Be7 8. Bf4
d6 9. Qd2 Nf6 10. h3 e5 11. Bg5 b5 12. Bxf6 Bxf6 13. Nd5 Bd8 14. b3 f5 15. c4
O-O 16. Rac1 fxe4 17. dxe4 Bxh3 18. Ng5 Bc8 19. Qe3 Qe8 20. Rfd1 Qh5 21. Nh3
Bxh3 22. Qxh3 Qxh3 23. gxh3 Bh4 24. Rc2 bxc4 25. bxc4 Rf3 26. Kg2 Raf8 27. Rdd2
Bg5 28. Re2 Rd3 0-1

[Event "AUTO-ADV-3753"]
[Site "http://www.queenalice.com/game.php?id=1474256"]
[Date "2017.4.19"]
[Round "2"]
[White "TomasBlack"]
[Black "pot_of_greed"]
[Result "1-0"]
[WhiteElo "2187"]
[BlackElo "1985"]

1. d4 d5 2. Bf4 Nc6 3. Nf3 Bg4 4. e3 a6 5. Be2 Nf6 6. Nc3 e6 7. Qd2 Bb4 8. O-O-O
h6 9. h3 Bxf3 10. Bxf3 Qe7 11. a3 Bxa3 12. bxa3 Qxa3+ 13. Kb1 Nb4 14. Qe1 c6 15.
e4 O-O 16. h4 dxe4 17. Bc1 Qa5 18. Bxe4 Nxe4 19. Qxe4 Rad8 20. Rh3 Rd7 21. Bxh6
Rfd8 22. Rg3 g6 23. Bg5 Re8 24. h5 f5 25. Qh4 Rh7 26. Bf4 Nd5 27. Rxg6+ Kf8 28.
Nxd5 Qxd5 29. Qf6+ Rf7 30. Bh6# 1-0

[Event "AUTO-OPEN-3708"]
[Site "http://www.queenalice.com/game.php?id=1475550"]
[Date "2017.4.27"]
[Round "2"]
[White "AsterixTwin"]
[Black "pot_of_greed"]
[Result "1-0"]
[WhiteElo "2555"]
[BlackElo "1977"]

1. e4 e5 2. Nf3 Nc6 3. Bb5 d6 4. d4 Bg4 5. d5 a6 6. Ba4 b5 7. dxc6 bxa4 8. c4
Nf6 9. Nc3 Be7 10. Qxa4 O-O 11. Be3 1-0

[Event "AUTO-OPEN-3708"]
[Site "http://www.queenalice.com/game.php?id=1475556"]
[Date "2017.4.27"]
[Round "2"]
[White "kokokinel"]
[Black "pot_of_greed"]
[Result "1-0"]
[WhiteElo "2092"]
[BlackElo "1935"]

1. f4 d5 2. Nf3 Bg4 3. e3 e6 4. Be2 Nc6 5. d4 Bb4+ 6. c3 Ba5 7. O-O Qf6 8. Ne5
Bxe2 9. Qxe2 a6 10. Nd2 Nge7 11. Ndf3 h6 12. Bd2 O-O 13. Be1 Nf5 14. Nxc6 bxc6
15. Ne5 Rfc8 16. Nxc6 Bb6 17. Ne5 Qe7 18. Rc1 f6 19. Ng6 1-0

[Event "AUTO-OPEN-3708"]
[Site "http://www.queenalice.com/game.php?id=1475557"]
[Date "2017.4.27"]
[Round "2"]
[White "pot_of_greed"]
[Black "kokokinel"]
[Result "0-1"]
[WhiteElo "1973"]
[BlackElo "2087"]

1. e4 Nf6 2. Nc3 d5 3. e5 d4 4. exf6 dxc3 5. fxe7 cxd2+ 6. Qxd2 Qxd2+ 7. Bxd2
Bxe7 8. O-O-O O-O 9. Bc4 Nc6 10. Bc3 Bg4 11. Nf3 Rad8 12. h3 Bxf3 13. gxf3 Rxd1+
14. Rxd1 Bg5+ 15. Kb1 Bf4 16. Rd7 Nb8 17. Re7 Nc6 18. Rd7 Bd6 19. a3 Nb8 0-1